书目信息 |
| 题名: |
生物学专业英语教程
|
|
| 作者: | 赵光强 , 常志隆 , 刘彩云 编著 | |
| 分册: | ||
| 出版信息: | 北京 科学出版社 2007.03 |
|
| 页数: | 150页 | |
| 开本: | 26cm | |
| 丛书名: | ||
| 单 册: | ||
| 中图分类: | H31 | |
| 科图分类: | ||
| 主题词: | 生物学--sheng wu xue--英语--教材 | |
| 电子资源: | ||
| ISBN: | 978-7-03-018702-4 | |
| 000 | 01059nam0 2200265 450 | |
| 001 | 012007110259 | |
| 005 | 20071008144810.76 | |
| 010 | @a978-7-03-018702-4@dCNY20.00 | |
| 100 | @a20070729d2007 km y0chiy0120 ea | |
| 101 | 0 | @achi@aeng |
| 102 | @aCN@b110000 | |
| 105 | @aa a 001yy | |
| 200 | 1 | @a生物学专业英语教程@Asheng wu xue zhuan ye ying yu jiao cheng@d= Specializde English in biology@f刘彩云, 赵光强, 常志隆编著@Fliu cai yun,zhao guang qiang,chang zhi long bian zhu@zeng |
| 210 | @a北京@c科学出版社@d2007.03 | |
| 215 | @a150页@c图@d26cm | |
| 320 | @a有书目 (第150页) 和索引。 | |
| 330 | @a本书分3大部分:第一阐述了专业英语的文体特点,第二生物学专业英语词汇与阅读,第三向读者介绍了英语科技论文的基本要素及其特点并对各要素的基本翻译方法、原则等。 | |
| 510 | 1 | @aSpecializde English in biology@zeng |
| 606 | 0 | @a生物学@Asheng wu xue@x英语@j教材 |
| 690 | @aH31@v4 | |
| 701 | 0 | @a赵光强@Azhao guang qiang@4编著 |
| 701 | 0 | @a常志隆@Achang zhi long@4编著 |
| 701 | 0 | @a刘彩云@Aliu cai yun@4编著 |
| 801 | 0 | @aCN@c20071008 |
| 905 | @dH31@eL598 | |
| 生物学专业英语教程= Specializde English in biology/刘彩云, 赵光强, 常志隆编著.-北京:科学出版社,2007.03 |
| 150页:图;26cm |
| ISBN 978-7-03-018702-4:CNY20.00 |
| 本书分3大部分:第一阐述了专业英语的文体特点,第二生物学专业英语词汇与阅读,第三向读者介绍了英语科技论文的基本要素及其特点并对各要素的基本翻译方法、原则等。 |
| ● |
| 相关链接 |
|
|
|
正题名:生物学专业英语教程
索取号:H31/L598
 
预约/预借
| 序号 | 登录号 | 条形码 | 馆藏地/架位号 | 状态 | 备注 |
| 1 | 250478 | 202504780 | 语言库209/209语言库 84排1列4层/ [索取号:H31/L598] | 在馆 | |
| 2 | 250479 | 202504799 | 语言库209/209语言库 84排1列4层/ [索取号:H31/L598] | 在馆 | |
| 3 | 250480 | 202504806 | 语言库209/209语言库 84排1列4层/ [索取号:H31/L598] | 在馆 |